[Event "Athens op 01-B"]
[Site "Athens"]
[Date "2012.01.21"]
[Round "5"]
[White "Pramateftakis, Nikolaos"]
[Black "Doudonis, Hristos"]
[Result "1-0"]
[WhiteElo "1847"]
[BlackElo "1990"]
[PlyCount "103"]
[EventDate "2012.01.07"]
[EventType "swiss"]
[EventRounds "7"]
[EventCountry "GRE"]
[SourceTitle "EXT 2014"]
[Source "ChessBase"]
[SourceDate "2013.11.20"]
[SourceVersion "1"]
[SourceVersionDate "2013.11.20"]
[SourceQuality "1"]

1. e4 c5 2. Nf3 e6 3. d4 cxd4 4. Nxd4 Nc6 5. Nc3 a6 6. Nxc6 bxc6 7. Bd3 d5 8. 0-0 Be7 9. Re1 Nf6 10. Bf4 d4 11. Na4 Qa5 12. c3 c5 13. c4 Bd7 14. b3 Bxa4 15. bxa4 Nd7 16. e5 Nb6 17. Bd2 Qxa4 18. Qe2 Rb8 19. f4 g6 20. g4 Kd7 21. f5 gxf5 22. gxf5 Rhg8+ 23. Kf1 Rbf8 24. f6 Bd8 25. Bh6 Re8 26. Bg7 Bc7 27. Rac1 Rb8 28. Qh5 Kd8 29. Qxf7 Qe8 30. Qxe8+ Kxe8 31. Bxh7 Kf7 32. Bxg8+ Kxg8 33. h4 Nd7 34. Rb1 Nxe5 35. Rxb8+ Bxb8 36. Rb1 Bd6 37. Rb6 Nxc4 38. Rxa6 d3 39. Ra8+ Kf7 40. Ra7+ Kg8 41. Bh6 Ne5 42. Ra6 Nf7 43. Bd2 e5 44. h5 c4 45. Rc6 Ba3 46. Rxc4 Bb2 47. Rg4+ Kf8 48. Bb4+ Ke8 49. a4 Bc1 50. Ke1 Bg5 51. a5 Bxf6 52. a6 1-0

[Event "Aegean op 33rd"]
[Site "Aghios Kirykos"]
[Date "2010.07.20"]
[Round "8"]
[White "Tepelenis, Nikolaos"]
[Black "Doudonis, Hristos"]
[Result "1-0"]
[WhiteElo "2224"]
[BlackElo "2031"]
[PlyCount "37"]
[EventDate "2010.07.13"]
[EventType "swiss"]
[EventRounds "9"]
[EventCountry "GRE"]
[SourceTitle "CBM 137 Extra"]
[Source "ChessBase"]
[SourceDate "2010.09.01"]
[SourceVersion "1"]
[SourceVersionDate "2010.09.01"]
[SourceQuality "1"]

1. d4 Nf6 2. c4 c5 3. d5 e5 4. Nc3 d6 5. e4 Be7 6. g3 0-0 7. Bg2 Ne8 8. Nge2 g6 9. 0-0 Bg5 10. f4 Bh6 11. f5 Bxc1 12. Qxc1 g5 13. f6 Kh8 14. Qxg5 Rg8 15. Qh4 Rg4 16. Qh6 Rg6 17. Qf8+ Rg8 18. Qxf7 Nd7 19. Qe7 1-0